LEADER 01127nam0 2200277 450 001 000026398 005 20090707170229.0 010 $a88-14-10598-7 100 $a20090707d2003----km-y0itay50------ba 101 0 $aita 102 $aIT 105 $ay-------001yy 200 1 $a<>informativa di periodo nella comunicazione economico-finanziaria$eprincipi e contenuti$fMarco Allegrini 210 $aMilano$cGiuffrè$dc2003 215 $aXIX, 330 p.$d24 cm 225 2 $aCollana di studi economico-aziendali E. Giannessi$iNuova serie$v56 410 0$12001$aCollana di studi economico-aziendali E. Giannessi. Nuova serie 500 10$a<>informativa di periodo nella comunicazione economico-finanziaria: principi e contenuti$943258 610 1 $aAziende$aGestione finanziaria$aServizi di informazione 676 $a658.1511$v20 700 1$aAllegrini,$bMarco$0147483 801 0$aIT$bUNIPARTHENOPE$c20090707$gRICA$2UNIMARC 912 $a000026398 951 $a658-I/50$b41573$cNAVA1$d2009 996 $aInformativa di periodo nella comunicazione economico-finanziaria: principi e contenuti$943258 997 $aUNIPARTHENOPE LEADER 00924nam0-2200313---450- 001 990009664330403321 005 20130121081348.0 035 $a000966433 035 $aFED01000966433 035 $a(Aleph)000966433FED01 035 $a000966433 100 $a20130111e20091920km-y0itay50------ba 101 0 $aita 102 $aIT 105 $aa-------001yy 200 1 $a<>brigantaggio e l'opera dell'esercito italiano dal 1860 al 1870$fCesare Cesari 205 $aRistampa anastatica 210 $aBologna$cForni$d2009 215 $aVIII, 174 p.$cill.$d21 cm 610 0 $aBrigantaggio 676 $a945.708$v22$zita 700 1$aCesari,$bCesare$c$071181 801 0$aIT$bUNINA$gREICAT$2UNIMARC 901 $aBK 912 $a990009664330403321 952 $aIX E 253$b44057$fFSPBC 959 $aFSPBC 996 $aBrigantaggio e l'opera dell'esercito italiano dal 1860 al 1870$9838714 997 $aUNINA LEADER 01518nam a2200337 i 4500 001 991004123259707536 008 090130s1998 it a b 111 0 ita d 020 $a8881146266 035 $ab13806245-39ule_inst 040 $aDip.to Filologia Class. e Scienze Filosofiche$bita 041 0 $aita$afre$aeng 082 14$a340 110 2 $aAccademia romanistica costantiniana$0240708 245 10$aAtti dell'Accademia romanistica costantiniana :$bXII Convegno internazionale sotto l'alto patronato del presidente della Repubblica in onore di Manlio Sargenti /$c[a cura di G. Crifò, S. Giglio] 260 $aNapoli :$bEdizioni scientifiche italiane,$cc1998 300 $a506 p. :$bill. ;$c24 cm 440 0$aPubblicazioni dell'Università degli studi di Perugia 500 $aIn testa al front.: Università degli studi di Perugia, Facoltà di giurisprudenza 504 $aContiene riferimenti bibliografici. Indice 546 $aTesti in inglese, francese e italiano 650 4$aDiritto romano$vCongressi 700 1 $aCrifò, Giuliano 700 1 $aGiglio, Stefano 700 1 $aSargenti, Manlio 710 2 $aUniversità di Perugia.$bFacoltà di giurisprudenza 907 $a.b13806245$b02-04-14$c30-01-09 912 $a991004123259707536 945 $aLE007 00 ARC 01$cv.12$g1$i2007000177136$lle007$op$pE38.00$q-$rl$s- $t0$u0$v0$w0$x0$y.i14924249$z02-02-09 996 $aAtti dell'Accademia romanistica costantiniana$9243398 997 $aUNISALENTO 998 $ale007$b30-01-09$cm$da $e-$fita$git $h0$i0